000
00259nam a2200109Ia 4500
008
220204s9999 xx 000 0 und d
082
_a
681.31
_b
MEG
100
_a
Megarry, Jacquetta
245
0
_a
Computer world
260
_a
London
_b
Piccolo
_c
1983
942
_c
BK
999
_c
38638
_d
38638